Продай твою мать. Викинг. Зуб мудрости: Роман: Повести

Detalhes bibliográficos
Autor principal: Севела Эфраим
Idioma:russo
Publicado em: СПб., Кристалл, 2000
Colecção:Библиотека мировой литературы
Мастера прозы XX века
Assuntos:
Formato: Livro
KOHA link:https://koha.lib.tpu.ru/cgi-bin/koha/opac-detail.pl?biblionumber=30906

MARC

LEADER 00000nam0a2200000 4500
001 30906
005 20231030204208.0
010 |a 5819100921 
035 |a (RuTPU)RU\TPU\book\31182 
035 |a BOOK00000003 
090 |a 30906 
100 |a 20011209d2000 u y0rusy50 ca 
101 0 |a rus 
102 |a RU 
105 |a  000ay 
200 1 |a Продай твою мать. Викинг. Зуб мудрости  |e Роман: Повести  |f Э. Севела 
210 |a СПб.  |c Кристалл  |d 2000 
215 |a 574 с. 
225 1 |a Библиотека мировой литературы 
225 1 |a Мастера прозы XX века 
610 1 |a проза 
610 1 |a повести 
610 1 |a романы 
675 |a Р2  |v 3 
700 1 |a Севела  |g Эфраим 
801 0 |a RU  |b 63413507  |c 20011209  |g PSBO 
942 |c BK